000 00792cam6a220025300 4500
001 lce01478462
008 821215s1983 nyua b 001 0 eng
010 _a 82024826
020 _a0471083623
035 _a(Sirsi) r94617
035 _a(DLC) 82024826
035 _a(UPRA)lce01478462
050 0 _aQK825
_b.W54 1983
082 0 _a582/.016
_219
100 1 _aWillson, Mary F.
_6A53308.1
245 1 0 _aPlant reproductive ecology /
_cMary F. Willson.
260 _aNew York :
_bWiley,
_cc1983.
500 _a"A Wiley-Interscience publication."
504 _aIncludes bibliographies and indexes.
650 0 _aPlants -- Reproduction.
_xPlants -- Reproduction.
_6S614.1
650 0 _aPlant ecology.
_6S5250.1
949 _aQK825
_wlcc
_i-133368
_mMAIN
_tBOOK
_lON-SHELF
004 94617
999 _c133363
_d133363